Vvedenije v sistemnoje programmirovanije na jazyke assemblera JES EVM

Gespeichert in:
Bibliographische Detailangaben
1. Verfasser: Ketkov, Julij Lazarevič
Weitere Verfasser: Maksimov, Vladimir Sergejevič, Rjabov, Aleksandr Nikolajevič
Format: Buch
Sprache:Russisch
Veröffentlicht: Moskva Nauka 1982
Tags: Tag hinzufügen
Keine Tags, Fügen Sie das erste Tag hinzu!

MARC

LEADER 00000nam a2200000 4500
001 c134734
005 20250604094659.3
041 0 |a rus 
044 |a RU 
245 1 0 |a Vvedenije v sistemnoje programmirovanije na jazyke assemblera JES EVM  |c Julij Lazarevič Ketkov, Vladimir Sergejevič Maksimov, Aleksandr Nikolajevič Rjabov 
264 1 |a Moskva  |b Nauka  |c 1982 
300 |a 263 s. 
100 1 |a Ketkov, Julij Lazarevič 
700 1 |a Maksimov, Vladimir Sergejevič 
700 1 |a Rjabov, Aleksandr Nikolajevič